| 000 | 00754nam a2200217 4500 | ||
|---|---|---|---|
| 008 | 021009s1959 us eng | ||
| 090 | 0 |
_aBS491.2 _bB47lb |
|
| 100 | 1 | _aForeman, Kenneth J. | |
| 245 | 1 | 0 |
_aIntroduction to the Bible / _cKenneth J. Foreman, Balmer H. Kelly, Arnold B. Rhodes, Bruce M. Metzger and Donald G. Miller. |
| 260 |
_aVirginia : _bJohn Knox Press, _cc1959. |
||
| 300 | _a171 p. | ||
| 490 | 1 | _aLayman's Bible commentary | |
| 505 | 0 | _avol. I | |
| 650 | 4 |
_aBible _xCommentaries _xCollected works. |
|
| 650 | 4 |
_aBible _xIntroductions. |
|
| 700 | 1 | _aKelly, Balmer H. | |
| 700 | 1 | _aMetzger, Bruce M. | |
| 700 | 1 | _aMiller, Donald G. | |
| 700 | 1 | _aRhodes, Arnold B. | |
| 951 |
_p17733 _oBS491.2/B47lb-I _j070613111149656 _d2000-12-21 _cGC |
||
| 999 |
_c13053 _d13053 |
||